00342nam a2200121Ia 450000500170000000800410001708200130005810000190007124500370009026000370012730000110016450000450017520250323160443.0240331s9999 xx 000 0 und d bMATa894 aMathivannan, M 0aVelicchangali puthaitha kuzhigal aChennaibKaruppu Prathigalc2005 a72 p., aEssays on Literary & Political Critisism